000 01003nam a22002537a 4500
005 20240530110350.0
008 141222s2007 le g 000 0 ara d
020 _a9789953277936
040 _aEG-CaGPL
041 0 1 _aara
_heng
082 0 4 _221
_a219.3\
_bو ص
100 1 _aولى نصر
245 1 0 _aصحوة الشيعة :
_bالصراعات داخل الاسلام و كيف سترسم مستقبل الشرق الاوسط /
_cولى نصر ؛ ترجمة سامى الكعكى
260 _aبيرون :
_bدار الكتاب العربى ،
_c2007
300 _a286 ص ؛
_c24 سم
650 0 4 _aالشيعة
650 0 4 _aعقائد الشيعة
650 0 4 _aالحركات الفكرية عند المسلمين
650 0 4 _aالاسلام والاصلاح السياسى
650 0 4 _aالاسلام
_xحركات الاحياء والاصلاح والتجديد
700 0 _aسامى الكعكى
_eمترجم
942 _2ddc
_cBK
999 _c60060
_d60060